Pattern Recognition Principles (Record no. 421)
[ view plain ]
| 000 -LEADER | |
|---|---|
| fixed length control field | 00531nam a22001937a 4500 |
| 003 - CONTROL NUMBER IDENTIFIER | |
| control field | OSt |
| 005 - DATE AND TIME OF LATEST TRANSACTION | |
| control field | 20241030201207.0 |
| 008 - FIXED-LENGTH DATA ELEMENTS--GENERAL INFORMATION | |
| fixed length control field | 241030b |||||||| |||| 00| 0 eng d |
| 020 ## - INTERNATIONAL STANDARD BOOK NUMBER | |
| International Standard Book Number | 0201075873 |
| 040 ## - CATALOGING SOURCE | |
| Transcribing agency | . |
| 050 ## - LIBRARY OF CONGRESS CALL NUMBER | |
| Classification number | Q327 |
| Item number | .T68 |
| 100 ## - MAIN ENTRY--PERSONAL NAME | |
| Personal name | Tou, Julius T. |
| 245 ## - TITLE STATEMENT | |
| Title | Pattern Recognition Principles |
| Statement of responsibility, etc. | Julius T. Tou & Rafael C. Gonzalez |
| 260 ## - PUBLICATION, DISTRIBUTION, ETC. | |
| Place of publication, distribution, etc. | London |
| Name of publisher, distributor, etc. | Addison-Wesley Publishing Company |
| Date of publication, distribution, etc. | 1974 |
| 300 ## - PHYSICAL DESCRIPTION | |
| Extent | xxii.377pages |
| Other physical details | ill. |
| Dimensions | 24cm |
| 600 ## - SUBJECT ADDED ENTRY--PERSONAL NAME | |
| Source of heading or term | Principles |
| 700 ## - ADDED ENTRY--PERSONAL NAME | |
| Personal name | Gonzalez, Rafael C. |
| 942 ## - ADDED ENTRY ELEMENTS (KOHA) | |
| Source of classification or shelving scheme | Library of Congress Classification |
| Koha item type | Books |
| Suppress in OPAC | No |
| Withdrawn status | Lost status | Source of classification or shelving scheme | Damaged status | Not for loan | Collection | Home library | Current library | Shelving location | Date acquired | Total checkouts | Full call number | Barcode | Date last seen | Copy number | Price effective from | Koha item type |
|---|---|---|---|---|---|---|---|---|---|---|---|---|---|---|---|---|
| Library of Congress Classification | Non-fiction | Science Library (Miotso) | Science Library (Miotso) | General stacks | 10/30/2024 | Q327 .T68 TOU | SLM00000202 | 10/30/2024 | 1 | 10/30/2024 | Books |